• 首页
  • 本馆介绍
  • 公告通知
  • 最新文献
  • 馆藏检索
  • 电子资源
  • 读者导购
  • 参考咨询
  • 我的图书馆
  • 登录
  • 详细信息显示
  • 放入我的书架
  • 预约/预借图书
  • 作者相关作品
  • 分类相关作品
  • 丛书相关作品
  • 出版社相关作品

书目信息

  • 表格格式
  • 工作单格式
  • 卡片格式
题名:
数学的发现
    
 
作者: 波利亚 , Polya 著 ;欧阳绛 译
分册: 第一卷  
出版信息: 北京   科学出版社  1982
页数: 314页
开本: 19cm
丛书名:
单 册:
中图分类: O143 , O1-0
科图分类:
主题词: 数学基础 , 数学理论
电子资源:
ISBN:
000 01071nam0 2200325 45
001 0182000689
005 20040705103916.8
010    @dCNY1.10
091    @a13031.1977
100    @a19950706d1982 em y0chiy0121 ea
101 1  @achi@ceng
102    @aCN@b110000
105    @ay z 000yy
106    @ar
200 10 @a数学的发现@Ashu xue de fa xian@h第一卷@e对解题的理解、研究和讲授@f(美)波利亚(G. Polya)著@g欧阳绛译
210    @a北京@c科学出版社@d1982
215    @a314页@d19cm
300    @a书名原文:Mathematical Discovery-on Understanding,Lerning,and Teaching Problem Solving
510 1  @aMathematical Discovery-on Understanding,Lerning,and Teaching Problem Solving@zeng
517 1  @a对解题的理解研究和讲授@Adui jie ti de li jie yan jiu he jiang shou
606    @a数学基础
606 0  @a数学理论
690    @aO143@v3
690    @aO1-0@v3
701  1 @a波利亚@Abo li ya@bG.@4著
701 A1 @aPolya@bG.@4著
702  0 @a欧阳绛@Aou yang jiang@4译
801  0 @aCN@b上海图书馆@c20040521
801  2 @aCN@bNLC@c20040521
905    @dO1-0@e101:1@b77959@f1
    
    数学的发现.第一卷:对解题的理解、研究和讲授/(美)波利亚(G. Polya)著/欧阳绛译.-北京:科学出版社,1982
    314页;19cm
    书名原文:Mathematical Discovery-on Understanding,Lerning,and Teaching Problem Solving
    
    ISBN :CNY1.10
    
●
相关链接 在E读中查询图书 在五车中查询图书 在当当中查询图书 在豆瓣中查询图书


正题名:数学的发现     索取号:O1-0/101:1         预约/预借

序号 登录号 条形码 馆藏地/架位号 状态 备注
1 0077956   001246930   第三借阅区/ [索取号:O1-0/101:1] 在馆    
2 0077957   001247001   第三借阅区/ [索取号:O1-0/101:1] 在馆    
3 0077958   001246994   第三借阅区/ [索取号:O1-0/101:1] 在馆    
4 0077959   001940145   第三借阅区/ [索取号:O1-0/101:1] 在馆    
5 0077960   001246985   第二样本阅览室/ [索取号:O1-0/101:1] 在馆    
唐山师范学院图书馆 欢迎您!
大连网信软件有限公司© 版权所有